000 01075nmc a2200385 a 4500
003 AR-BaBNM
005 20251128204405.0
008 027019s1987 ||||||||||||||000 | spa||
020 _a950-07-0426-9
040 _cAR-BaBNM
100 1 _aGuadagni, Alieto Aldo
245 1 0 _aChina después de Mao
_bsocialismo y mercado
260 _aBuenos Aires
_bSudamericana
_c1987
300 0 _a166 p.
490 0 _aHistoria y sociedad
500 0 _aApéndice 1: Cronologías
500 0 _aApéndice 2: Biografías
504 _aContiene bibliografía en notas, al final de cada capítulo
650 4 _aSISTEMAS ECONOMICOS
650 4 _aSOCIALISMO
650 4 _aMODOS DE PRODUCCION
650 4 _aECONOMIA SOCIALISTA
650 4 _aPOLITICA ECONOMICA
650 4 _aESTRUCTURA AGRARIA
650 4 _aPOLITICA AGRARIA
650 4 _aCOMUNISMO
650 4 _aREFORMA ECONOMICA
650 4 _aREFORMA AGRARIA
650 4 _aHISTORIA POLITICA
651 4 _aChina
653 0 _aMAOISMO
700 1 _aBotana, Natalio R.
_eprologuista
942 _cBK
998 _cSILVI
999 _c7266
_d7266